Central Library and Information Centre
Sibsagar Girls' College, Sivasagar : Assam

ENCYCLOPAEDIC DICTIONARY OF MEDICINAL AND ECONOMIC PLANTS (Record no. 15570)

MARC details
000 -LEADER
fixed length control field 00432cam a2200169ua 4500
008 - FIXED-LENGTH DATA ELEMENTS--GENERAL INFORMATION
fixed length control field 190424n2008 II |||gr||||Z||||||eng
040 ## - CATALOGING SOURCE
Original cataloging agency MAIN
041 ## - LANGUAGE CODE
-- English
082 ## - DEWEY DECIMAL CLASSIFICATION NUMBER
Classification number 581.634 VAR
100 ## - MAIN ENTRY--PERSONAL NAME
Personal name VARDHANA, RASHTRA.
245 ## - TITLE STATEMENT
Title ENCYCLOPAEDIC DICTIONARY OF MEDICINAL AND ECONOMIC PLANTS
260 ## - PUBLICATION, DISTRIBUTION, ETC.
Place of publication, distribution, etc. NEW DELHI
Name of publisher, distributor, etc. CAMPUS BOOKS
Date of publication, distribution, etc. 2008
300 ## - PHYSICAL DESCRIPTION
Extent 362:
Dimensions 22CM.
942 ## - ADDED ENTRY ELEMENTS (KOHA)
Koha item type Books
653 ## - INDEX TERM--UNCONTROLLED
Uncontrolled term Medicinal Plants
Holdings
Withdrawn status Lost status Damaged status Not for loan Collection code Home library Current library Shelving location Date acquired Full call number Barcode Date last seen Copy number Price effective from Koha item type Public note
        REFBOT Central Library and Information Centre Sibsagar Girls College Central Library and Information Centre Sibsagar Girls College BOTANY BOOK RACK 13.07.2008 581.634 VAR 23993 27.02.2020 1 27.02.2020 Books V
        REFBOT Central Library and Information Centre Sibsagar Girls College Central Library and Information Centre Sibsagar Girls College BOTANY BOOK RACK 13.07.2008 581.634 VAR 23994 27.02.2020 2 27.02.2020 Books V


Sibsagar Girl's College © 2020. All rights reserved.
Powered by Koha.
Maintained by Abhijit Borpuzari.